| 000 | 00392cam a2200133 a 4500 | ||
|---|---|---|---|
| 040 | _cDLC | ||
| 082 | 0 | 0 | _a634 DAM 1997 C145 Or. |
| 245 | 0 | 0 | _aTropical fruits of Sri Lanka. |
| 260 |
_aPeradeniya : _bDept. of Agriculture, Ministry of Agriculture & Lands, _c1997. |
||
| 300 |
_a33, [3] p. : _bcol. ill., col. maps ; _c29 cm. |
||
| 650 | 0 | _aTropical fruit | |
| 710 | 1 | _aSri Lanka. | |
| 942 | _cAEDBB | ||
| 999 |
_c18444 _d18444 |
||